Taylor Swift Albums by Debut Spotify Streams - Statistics

General Stats
  • This quiz has been taken 137 times
    69 since last reset
  • The average score is 14 of 15
Answer Stats
Hint Answer % Correct
90.8m Red (Taylor's Version)
100%
176.0m 1989 (Taylor's Version)
98%
66.3m evermore
98%
80.6m folklore
98%
184.6m Midnights
98%
22.7m reputation
98%
N/A 1989 (2014)
96%
N/A Fearless (2008)
96%
50.0m Fearless (Taylor's Version)
96%
N/A Speak Now (2010)
96%
126.4m Speak Now (Taylor's Version)
96%
N/A Taylor Swift (2006)
96%
313.3m THE TORTURED POETS DEPARTMENT
95%
54.1m Lover
93%
N/A Red (2012)
89%
No matching quizzes found
Score Distribution
Percent of People with Each Score
Percentile by Number Answered
Your Score History
You have not taken this quiz since the last reset